Statistics for F1 World Drivers' Champions

Click here to take the quiz!

General Stats

  • This quiz has been taken 38 times
  • The average score is 63 of 72

Answer Stats

HintAnswer% Correct
(2014) Great BritainLewis Hamilton
100%
(2020) Great BritainLewis Hamilton
100%
(2019) Great BritainLewis Hamilton
100%
(2018) Great BritainLewis Hamilton
100%
(2017) Great BritainLewis Hamilton
100%
(2015) Great BritainLewis Hamilton
100%
(2008) Great BritainLewis Hamilton
100%
(2009) Great BritainLewis Hamilton
100%
(2003) GermanyMichael Schumacher
100%
(2004) GermanyMichael Schumacher
100%
(2000) GermanyMichael Schumacher
100%
(1995) GermanyMichael Schumacher
100%
(2002) GermanyMichael Schumacher
100%
(2001) GermanyMichael Schumacher
100%
(1994) GermanyMichael Schumacher
100%
(2005) SpainFernando Alonso
97%
(2006) SpainFernando Alonso
97%
(2021) NetherlandsMax Verstappen
97%
(2012) GermanySebastian Vettel
97%
(2010) GermanySebastian Vettel
97%
(2013) GermanySebastian Vettel
97%
(2011) GermanySebastian Vettel
97%
(1982) FinlandKeke Rosberg
94%
(2007) FinlandKimi Raikkonen
94%
(2016) GermanyNico Rosberg
94%
(1975) AustriaNiki Lauda
94%
(1977) AustriaNiki Lauda
94%
(1984) AustriaNiki Lauda
94%
(1993) FranceAlain Prost
91%
(1989) FranceAlain Prost
91%
(1985) FranceAlain Prost
91%
(1986) FranceAlain Prost
91%
(1988) BrazilAyrton Senna
91%
(1991) BrazilAyrton Senna
91%
(1990) BrazilAyrton Senna
91%
(1996) Great BritainDamon Hill
91%
(1968) Great BritainGraham Hill
91%
(1962) Great BritainGraham Hill
91%
(1961) USAPhil Hill
91%
(1956) ArgentinaJuan Manuel Fangio
89%
(1951) ArgentinaJuan Manuel Fangio
89%
(1957) ArgentinaJuan Manuel Fangio
89%
(1954) ArgentinaJuan Manuel Fangio
89%
(1955) ArgentinaJuan Manuel Fangio
89%
(1992) Great BritainNigel Mansell
89%
(1997) CanadaJacques Villeneuve
86%
(1998) FinlandMika Hakkinen
86%
(1999) FinlandMika Hakkinen
86%
(1973) Great BritainJackie Stewart
83%
(1971) Great BritainJackie Stewart
83%
(1969) Great BritainJackie Stewart
83%
(1966) AustraliaJack Brabham
80%
(1959) AustraliaJack Brabham
80%
(1960) AustraliaJack Brabham
80%
(1987) BrazilNelson Piquet
80%
(1983) BrazilNelson Piquet
80%
(1981) BrazilNelson Piquet
80%
(1972) BrazilEmerson Fittipaldi
77%
(1974) BrazilEmerson Fittipaldi
77%
(1976) Great BritainJames Hunt
77%
(1950) ItalyGiuseppe Farina
74%
(1963) Great BritainJim Clark
74%
(1965) Great BritainJim Clark
74%
(1979) South AfricaJody Scheckter
74%
(1953) ItalyAlberta Ascari
71%
(1952) ItalyAlberto Ascari
71%
(1970) AustriaJochen Rindt
69%
(1980) AustraliaAlan Jones
66%
(1978) USAMario Andretti
66%
(1964) Great BritainJohn Surtees
63%
(1967) New ZealandDenny Hulme
60%
(1958) Great BritainMike Hawthorn
60%

Score Distribution

Percentile by Number Answered

Percent of People with Each Score

Your Score History

You have not taken this quiz